000 00266nam a2200109Ia 4500
008 200302s9999 xx 000 0 und d
100 _aRichard weston
245 _aArchitecture Visionaries
260 _bLaurence King Publishing Ltd.,
260 _c2015
300 _a312
999 _c6590
_d6590